• 首页
  • 本馆介绍
  • 公告通知
  • 最新文献
  • 馆藏检索
  • 电子资源
  • 读者导购
  • 参考咨询
  • 我的图书馆
  • 登录
  • 详细信息显示
  • 放入我的书架
  • 预约/预借图书
  • 作者相关作品
  • 分类相关作品
  • 丛书相关作品
  • 出版社相关作品

书目信息

  • 表格格式
  • 工作单格式
  • 卡片格式
题名:
从鸦片战争到五四运动
    
 
作者: 胡绳 著
分册:  
出版信息: 上海   上海人民出版社  1982
页数: 539页
开本: 21cm
丛书名:
单 册:
中图分类: K251 , K25
科图分类:
主题词: 近代史-中国--1840~1919 , 中国--历史--1840~1949
电子资源:
ISBN:
000 00780nam0 2200277 45
001 0182008098
005 20040507094412.2
010    @dCNY1.55
091    @a11074.513(上)
100    @a19950703d1982 em y0chiy0121 ea
101 0  @achi
102    @aCN@b310000
105    @ay z 000yy
106    @ar
200 10 @a从鸦片战争到五四运动@Acong ya pian zhan zheng dao wu si yun dong@f胡绳著
210    @a上海@c上海人民出版社@d1982
215    @a539页@d21cm
606    @a近代史-中国@z1840~1919
606 0  @a中国@x历史@z1840~1949
607    @a中国-近代史@z1840~1919
690    @aK251@v3
690    @aK25
701  0 @a胡绳@Ahu sheng@4著
801  0 @aCN@b上海图书馆@c20040507
801  2 @aCN@bNLC@c20040507
905    @f1@b173661@dK25@e40:1@b173665@f1@b173663@f1
    
    从鸦片战争到五四运动/胡绳著.-上海:上海人民出版社,1982
    539页;21cm
    
    
    ISBN :CNY1.55
    
●
相关链接 在E读中查询图书 在五车中查询图书 在当当中查询图书 在豆瓣中查询图书


正题名:从鸦片战争到五四运动     索取号:K25/40:1         预约/预借

序号 登录号 条形码 馆藏地/架位号 状态 备注
1 0043207   001844188   密集书库/ [索取号:K25/40:1] 在馆    
2 0053247   001844179   密集书库/ [索取号:K25/40:1] 在馆    
3 0053249   001844160   密集书库/ [索取号:K25/40:1] 在馆    
4 0131219   001529821   密集书库/ [索取号:K25/40:1] 在馆    
5 0173661   000063629   密集书库/ [索取号:K25/40:1] 在馆    
6 0173662   001652367   密集书库/ [索取号:K25/40:1] 在馆    
7 0173663   000063647   密集书库/ [索取号:K25/40:1] 在馆    
8 0173665   000063638   第二借阅区/ [索取号:K25/40:1] 在馆    
9 0176065   001850964   密集书库/ [索取号:K25/40:1] 在馆    
10 0176365   001850955   密集书库/ [索取号:K25/40:1] 在馆    
唐山师范学院图书馆 欢迎您!
大连网信软件有限公司© 版权所有